Mexicali International Airport Destinations (Mexicali, Mexico) - Statistics

General Stats
  • This quiz has been taken 33 times
    13 since last reset
  • The average score is 6 of 10
Answer Stats
Airline Destination % Correct
Aeroméxico/Aeroméxico Connect/Volaris Mexico City
100%
Viva Cancún
92%
Viva/Volaris Monterrey
92%
Viva/Volaris Guadalajara
85%
Volaris San José del Cabo
69%
Volaris León/El Bajío
54%
Volaris Puerto Vallarta
31%
Volaris Hermosillo
23%
Volaris Culiacán
15%
Volaris Los Mochis
0%
No matching quizzes found
Score Distribution
Percent of People with Each Score
Percentile by Number Answered
Your Score History
You have not taken this quiz since the last reset